| 000 | 00719nam a22002537a 4500 | ||
|---|---|---|---|
| 003 | UA-OsUOA | ||
| 001 | 27134 | ||
| 007 | ta | ||
| 008 | 20040616b un ||||| |||| 00| 0 ukr d | ||
| 100 | _aБронштейн Яков | ||
| 090 |
_a659.1 _bБ88 |
||
| 942 | _cBK | ||
| 040 |
_aUA-OsUOA _brus _cUA-OsUOA _dUA-OsUOA |
||
| 245 |
_aРекламный робот _bВсе или почти все об умении делать "крутую" рекламу |
||
| 300 | _a440 с. | ||
| 955 | _a0 | ||
| 041 | _arus | ||
| 080 | _a659.1 | ||
| 020 | _a966-7276-89-9 | ||
| 260 |
_aКиев _bУкраинский Центр духовной культуры _c2000 |
||
| 044 | _aRU | ||
| 650 | 7 | _2UDC | |
| 999 |
_c313475 _d313475 |
||